Biggest Cities in "Stan" Countries Quiz - Statistics

General Stats
  • This quiz has been taken 467 times
    410 since last reset
  • The average score is 19 of 39
Answer Stats
Population Country City % Correct
4,434,600 Afghanistan Kabul
96%
14,916,400 Pakistan Karachi
95%
1,136,000 Kazakhstan Nur-Sultan
95%
2,571,600 Uzbekistan Tashkent
95%
1,009,800 Pakistan Islamabad
94%
11,126,200 Pakistan Lahore
93%
727,700 Turkmenistan Ashgabat
91%
1,916,700 Kazakhstan Almaty
90%
1,039,000 Kyrgyzstan Bishkek
90%
863,400 Tajikistan Dushanbe
90%
3,204,700 Pakistan Faisalabad
65%
546,300 Uzbekistan Samarkand
63%
1,734,300 Pakistan Hyderabad
62%
2,098,200 Pakistan Rawalpindi
60%
523,300 Afghanistan Kandahar
58%
1,970,000 Pakistan Peshawar
51%
574,300 Afghanistan Herat
48%
1,001,200 Pakistan Quetta
48%
283,200 Kyrgyzstan Osh
44%
1,871,800 Pakistan Multan
42%
1,036,100 Kazakhstan Shymkent
38%
2,027,000 Pakistan Gujranwala
37%
114,600 Turkmenistan Mary
31%
234,800 Turkmenistan Türkmenabat
30%
280,100 Uzbekistan Bukhara
28%
(various) (various) Jalalabad
26%
497,600 Kazakhstan Karaganda
26%
484,500 Afghanistan Mazar-i-Sharif
26%
500,700 Kazakhstan Aktobe
22%
288,800 Uzbekistan Fergana
19%
319,500 Uzbekistan Nukus
18%
183,600 Tajikistan Khujand
17%
626,100 Uzbekistan Namangan
16%
441,700 Uzbekistan Andijan
14%
343,900 Kazakhstan Pavlodar
13%
166,500 Turkmenistan Daşoguz
10%
358,000 Kazakhstan Taraz
10%
189,300 Afghanistan Kunduz
6%
111,800 Tajikistan Qurghonteppa
5%
No matching quizzes found
Score Distribution
Percent of People with Each Score
Percentile by Number Answered
Your Score History
You have not taken this quiz since the last reset